00424 2200157 4500245006000000020002200060250001000082100002300092700002400115005001900139260005700158041001400215084001000229300001800239336000900257 aUpacara Bayi Mencicip di AcehcBeby Haryanti DewihText a978-602-6477-45-3 aCet.1 abeby Haryanti Dewi aDeborah Amadis Mawa a20240926092254 aJakartabKementerian Pendidikan dan Kebudayaanc2019 aIndonesia a741.5 a49 hlm :cpdf atext